Villes d'Italie les plus peuplées - Statistiques

Statistiques générales
  • Ce quiz a été pris 130 fois
  • Le résultat moyen est 13 sur 50
Statistiques - réponses
HINT HINT ANSWER % Correct
R 2 761 632 Rome
100%
M 1 371 498 Milan
99%
N 914 758 Naples
91%
T 848 885 Turin
87%
F 367 150 Florence
78%
P 630 828 Palerme
74%
B 392 203 Bologne
71%
G 571 701 Gênes
69%
V 253 777 Venise
67%
B 316 140 Bari
55%
V 257 235 Vérone
54%
C 296 919 Catane
45%
P 197 232 Parme
30%
T 200 087 Trieste
30%
P 208 518 Padoue
28%
C 148 492 Cagliari
24%
M 218 762 Messine
24%
B 196 586 Brescia
23%
M 185 202 Modène
20%
U 97 754 Udine
19%
T 188 355 Tarente
17%
B 120 390 Bergame
16%
L 153 297 Livourne
15%
P 200 652 Prato
12%
A 98 541 Ancône
10%
M 121 681 Monza
9%
P 163 286 Pérouse
9%
R 171 086 Reggio de Calabre
8%
R 150 075 Rimini
8%
S 127 546 Salerne
8%
T 118 357 Trente
8%
P 119 170 Pescara
7%
R 168 814 Reggio d'Émilie
6%
R 155 888 Ravenne
5%
F 145 508 Foggia
4%
N 101 657 Novare
4%
F 130 833 Ferrare
3%
P 102 899 Plaisance
3%
S 115 984 Syracuse
3%
V 110 589 Vicence
3%
G 123 132 Giugliano in Campania
2%
A 96 838 Andria
1%
A 96 492 Arezzo
1%
B 106 918 Bolzane
1%
C 96 022 Cesena
1%
S 121 017 Sassari
1%
T 106 794 Terni
1%
F 116 714 Forlì
0%
L 127 013 Latina
0%
P 95 582 Pesaro
0%
Aucun quiz correspondant
Distribution des résultats
% des personnes avec chaque résultat
Percentile par nombre de réponses
Votre historique - résultats
Vous n’avez pas pris ce quiz